Estudio sobre las Actitudes de Trabajadores (Sindicalizados y no Sindicalizados en una Empresa de la Confección /
Na minha lista:
| Autor principal: | |
|---|---|
| Formato: | Tesis Livro |
| Idioma: | espanhol |
| Publicado em: |
Guadalajara, México :
edición de autor,
1985
|
| Assuntos: | |
| Tags: |
Sem tags, seja o primeiro a adicionar uma tag!
|
MARC
| LEADER | 00000nam^a2200000^a^4500 | ||
|---|---|---|---|
| 001 | 000044226 | ||
| 005 | 20250521000000.0 | ||
| 009 | 20260310085844.55 | ||
| 037 | |a Acervo ITESO - Biblioteca | ||
| 041 | |a ESP | ||
| 090 | |a PSI. 118 | ||
| 100 | |a Lechuga Almaraz, Jesús |e (autor) | ||
| 245 | 1 | 0 | |a Estudio sobre las Actitudes de Trabajadores (Sindicalizados y no Sindicalizados en una Empresa de la Confección / |c J. Lechuga Almaraz. |
| 264 | 1 | |a Guadalajara, México : |b edición de autor, |c 1985 | |
| 300 | |a 102 p. | ||
| 336 | |a texto |b txt |2 rdacontenido | ||
| 337 | |a sin mediación |b n |2 rdamedio | ||
| 338 | |a volumen |b nc |2 rdasoporte | ||
| 502 | |a ITESO Tesis de Licenciatura en Psicología | ||
| 649 | |a XX | ||
| 650 | |a Psicología Laboral | ||
| 650 | |a Trabajo - |x Aspectos Psicológicos | ||
| 910 | |a Fondo General | ||
| 920 | |a Impresos - Tesis del ITESO | ||
| 930 | |a Colección General | ||
| 905 | |a 104 | ||
| 901 | |a T009850100 |b IT2 |c TSS |i 800985 |u 20250521 | ||
| 902 | |a https://opac.biblio.iteso.mx/vufind/Record/000044226 | ||